Fruit A-Z By Picture - Statistics

General Stats
  • This quiz has been taken 37 times
  • The average score is 29 of 52
Answer Stats
Picture Hint Answer % Correct
A Apple
100%
A Avocado
97%
B Banana
97%
B Blueberry
97%
C Cherry
97%
E Eggplant
94%
K Kiwi
88%
L Lemon
88%
M Mango
88%
O Orange
88%
P Pineapple
88%
S Strawberry
88%
T Tomato
88%
W Watermelon
88%
C Cantaloupe
85%
D Date
85%
F Fig
85%
G Grapes
85%
O Olive
85%
R Raspberry
85%
G Grapefruit
82%
J Jalapeño
82%
P Papaya
79%
Z Zucchini
79%
D Dragonfruit
76%
J Jackfruit
76%
L Lychee
76%
N Nectarine
76%
M Musk Melon
73%
V Vanilla
67%
S Starfruit
61%
H Honeydew
55%
Q Quince
55%
K Key Lime
52%
T Tamarind
30%
R Rambutan
24%
U Ube
21%
V Victoria Plum
15%
Y Yucca
15%
N Nutmeg
12%
E Eggfruit
6%
H Horned Melon
6%
F Fuji
3%
I Indian Gooseberry
3%
I Indonesian Lime
3%
Q Queen Apple
3%
W Water Apple
3%
X Xigua Fruit
3%
Y Yumberry
3%
Z Zebra Fruit
3%
U Uvilla
0%
X Xarel-lo
0%
No matching quizzes found
Score Distribution
Percent of People with Each Score
Percentile by Number Answered
Your Score History
You have not taken this quiz